书目信息 |
| 题名: |
武则天
|
|
| 作者: | 巴久 著 | |
| 分册: | ||
| 出版信息: | 沈阳 辽海出版社 2012 |
|
| 页数: | 202页 | |
| 开本: | 23cm | |
| 丛书名: | 中外巨人传 | |
| 单 册: | ||
| 中图分类: | K827=42 | |
| 科图分类: | ||
| 主题词: | ||
| 电子资源: | ||
| ISBN: | 978-7-5451-1185-9 | |
| 000 | 00609oam2 2200241 450 | |
| 001 | 339562 | |
| 005 | 20150608160118.34 | |
| 010 | @a978-7-5451-1185-9@dCNY26.20 | |
| 100 | @a20121124d2012 em y0chiy0110 ea | |
| 101 | 0 | @achi |
| 102 | @aCN@b210000 | |
| 105 | @ay z 000yb | |
| 106 | @ar | |
| 200 | 1 | @a武则天@Awu ze tian@f巴久著 |
| 210 | @a沈阳@c辽海出版社@d2012 | |
| 215 | @a202页@d23cm | |
| 225 | 2 | @a中外巨人传 |
| 410 | 0 | @12001 @a中外巨人传 |
| 600 | 0 | @a武则天@f624-705@j传记 |
| 690 | @aK827=42@v5 | |
| 701 | 0 | @a巴久@Aba jiu@4著 |
| 801 | 0 | @aCN@b卓展宏图@c20150525 |
| 905 | @dK827=42@e412BJ@f4 | |
| 武则天/巴久著.-沈阳:辽海出版社,2012 |
| 202页;23cm.-(中外巨人传) |
| ISBN 978-7-5451-1185-9:CNY26.20 |
| ● |
| 相关链接 |
|
|
|
|
正题名:武则天
索取号:K827=42/412BJ
 
预约/预借
| 序号 | 登录号 | 条形码 | 馆藏地/架位号 | 状态 | 备注 |
| 1 | 863154 | 208631541 | 第二样本阅览室/ [索取号:K827=42/412BJ] | 在馆 | |
| 2 | 863155 | 208631550 | 第二借阅区/ [索取号:K827=42/412BJ] | 在馆 | |
| 3 | 863156 | 208631569 | 第二借阅区/ [索取号:K827=42/412BJ] | 在馆 | |
| 4 | 863157 | 208631578 | 第二借阅区/ [索取号:K827=42/412BJ] | 在馆 |